Justice VR Krishna Iyer : (Record no. 97438)

MARC details
000 -LEADER
fixed length control field 00588nam a22001817a 4500
005 - DATE AND TIME OF LATEST TRANSACTION
control field 20151119121745.0
010 ## - LCCN (DPL NO)
LC control number ENG-114153
020 ## - INTERNATIONAL STANDARD BOOK NUMBER
Terms of availability 225.00
International Standard Book Number 9789350350492
035 ## - SYSTEM CONTROL NUMBER
System control number EN-97685
037 ## - SOURCE OF ACQUISITION
Source of stock number/acquisition DBAD/PUB
082 ## - DEWEY DECIMAL CLASSIFICATION NUMBER
Classification number 347.54014092
100 ## - MAIN ENTRY--PERSONAL NAME
Personal name Nagaria, Avni
245 ## - TITLE STATEMENT
Title Justice VR Krishna Iyer :
Statement of responsibility, etc by Avni Nagaria
Remainder of title our heritage /
260 ## - PUBLICATION, DISTRIBUTION, ETC. (IMPRINT)
Place of publication, distribution, etc New Delhi
Name of publisher, distributor, etc Universal Law Publishing
Date of publication, distribution, etc 2011
270 ## - ADDRESS
Address C-FF-1A, Dilkhush Industrial Estate, G.T. Karnal Road,
City New Delhi
Postal code 110033
300 ## - PHYSICAL DESCRIPTION
Extent xvi,155p.
Dimensions 22cm(Hb)
942 ## - ADDED ENTRY ELEMENTS (KOHA)
Source of classification or shelving scheme Dewey Decimal Classification
Item type English Books
Call number suffix IYE
Classification part 347.54014092
Holdings
Withdrawn status Lost status Not for loan Collection code Home library Current library Date acquired Source of acquisition Cost, normal purchase price Full call number Barcode Copy number Cost, replacement price Koha item type
    Not For Loan Non-fiction D.B.Act.Division D.B.Act.Division 28/09/2015 DBAD/PUB 225.00 347.54014092 IYE EN-97685 1 225.00 English Books

© Delhi Public Library
Hit Counter
free hit counter